Szczegóły MARC21

Totalna komunikacja jako podejście wspomagające rozwój zdolności językowych uczniów głuchych /

003 -Nazwa inst., której nr kontr. jest w polu 001 [,]
    • @
    • Nazwa instytucji, której n kontrolny jest w polu 001
    • NUKAT
005 -DATA I CZAS OSTATNIEJ MODYFIKACJI [,]
    • @
    • pole kontrolne
    • 20241231103652.0
020 -Międzynarod. znormalizowany nr książki - ISBN [ , ]
    • a
    • Numer ISBN
    • 8386841613 Find
040 -Instytucja sporządzająca opis [ , ]
    • a
    • Instytucja, która sporządziła opis (NP)
    • Ł U/ew
    • c
    • Instytucja, która sporządziła rekord (NP)
    • Ł U/ew
    • d
    • Instytucja, która zmodyfikowała rekord (P)
    • Ł U/uns
    • d
    • Instytucja, która zmodyfikowała rekord (P)
    • KR 119/jz
041 -Język dokumentu [0, ]
    • a
    • Język tekstu (P)
    • polski
    • b
    • Język streszczeń lub abstraktu (P)
    • angielski
942 -Rodzaj dokumentu [ , ]
    • c
    • Rodzaj dokumentu
    • Książka
100 -Hasło główne - nazwa osobowa [1, ]
    • a
    • Nazwa osobowa (NP)
    • Korzon, Aniela
    • d
    • Daty biograficzne (NP)
    • (1932- ).
    • 9
    • KHW
    • 412679
245 -Strefa tytułu i oznaczenia odpowiedzialności [1,0]
    • a
    • Tytuł
    • Totalna komunikacja jako podejście wspomagające rozwój zdolności językowych uczniów głuchych / Find
    • c
    • Pozostałe elementy strefy tytułu i oznaczenia odpowiedzialności (NP)
    • Aniela Korzon.
260 -Strefa adresu wydawniczego [ , ]
    • a
    • Miejsce wydania (P)
    • Kraków :
    • b
    • Nazwa wydawcy (P)
    • Wydawnictwo Naukowe Wyższej Szkoły Pedagogicznej,
    • c
    • Data wydania (P)
    • 1996.
300 -Strefa opisu fizycznego [ , ]
    • a
    • Określenie formy książki i/lub objętość (NP)
    • 167, [1] s. :
    • b
    • Oznaczenie ilustracji (NP)
    • il. ;
    • c
    • Format (NP)
    • 24 cm.
336 -Typ zawartości [ , ]
    • a
    • Termin opisujący typ zawartości
    • Tekst
    • b
    • Kod określający zawartość
    • txt
    • 2
    • Źródło (terminu i kodu)
    • rdacontent
337 -Typ mediów [ , ]
    • a
    • Tryb odtwarzania
    • Bez urządzenia pośredniczącego
    • b
    • Kod typu mediów
    • n
    • 2
    • Źródło (terminu i kodu)
    • rdamedia
338 -Typ/rodzaj nośnika [ , ]
    • a
    • Hasło opisujące typ nośnika
    • Wolumin
    • b
    • Kod typu nośnika
    • nc
    • 2
    • Źródło (terminu i kodu)
    • rdacarrier
490 -Strefa serii i książki wielotomowej - forma nie do wyszukiwania [1, ]
    • a
    • Tytuł (P)
    • Prace Monograficzne / Akademia Pedogogiczna im. Komisji Edukacji Narodowej w Krakowie, Find
    • x
    • ISSN (NP)
    • 0239-6025 ;
    • v
    • Numeracja (P)
    • nr 220
830 -Hasło dodatkowe serii i opisu książki wielotomowej - tytuł ujednolicony/tytuł [ ,0]
    • a
    • Tytuł ujednolicony/tytuł (NP)
    • Prace Monograficzne Wyższej Szkoły Pedagogicznej w Krakowie
    • x
    • ISSN
    • 0239-6025
    • v
    • Oznaczenie tomu (NP)
    • nr 220
    • 9
    • KHW
    • 27105
504 -Uwaga dot. bibliogr. załącznikowej [ , ]
    • a
    • Uwaga dot. bibliografii załącznikowej
    • Bibliogr. s. 151-159. Indeks.
530 -Uwaga dot. innej postaci fizycznej dokumentu [ , ]
    • a
    • Uwaga dot. innej postaci fizycznej dokumentu
    • Dostępne również w wersji elektronicznej.
546 -Uwaga dot. języka [ , ]
    • a
    • Uwaga dot. języka
    • Streszcz. ang.
080 -Uniwersalna Klasyfikacja Dziesiętna [ , ]
    • a
    • Symbol klasyfikacji
    • 376.2/.3
080 -Uniwersalna Klasyfikacja Dziesiętna [ , ]
    • a
    • Symbol klasyfikacji
    • :316.77
650 -Hasło przedmiotowe [ ,7]
    • a
    • Hasło przedmiotowe
    • Dzieci głuche
    • x
    • Określnik rzeczowy
    • edukacja.
    • 2
    • Źródło terminu
    • kaba
    • 9
    • KHW
    • 357588
650 -Hasło przedmiotowe [ ,7]
    • a
    • Hasło przedmiotowe
    • Dzieci głuche
    • x
    • Określnik rzeczowy
    • język.
    • 2
    • Źródło terminu
    • kaba
    • 9
    • KHW
    • 387642
650 -Hasło przedmiotowe [ ,7]
    • a
    • Hasło przedmiotowe
    • Komunikacja z głuchymi.
    • 2
    • Źródło terminu
    • kaba
    • 9
    • KHW
    • 110922
980 -Symbol UKD [ , ]
    • a
    • UKD
    • 376.2/.3:316.77
710 -Hasło dodatkowe - nazwa ciała zbiorowego [2, ]
    • a
    • Nazwa ciała zbiorowego lub nazwa geograficzna jako pierwszy element (NP)
    • Wyższa Szkoła Pedagogiczna im. Komisji Edukacji Narodowej (Kraków).
    • b
    • Nazwa jednostki podrzędnej (P)
    • Wydawnictwo Naukowe.
    • 4
    • Kod relacji
    • pbl
    • 9
    • KHW
    • 59729
856 -Dostęp do wersji elektronicznej [4,1]
920 -ISBN [ , ]
    • a
    • ISBN
    • 83-86841-61-3 Find
Numer inwentarzowy Data inwentaryzacji Status udost. Lokalizacja
Pd.121651999-03-101BG